Sports Quiz

Random Sports or MLB Quiz
Score 0/10 Timer 02:00
0 Plays Today
Payroll Team % Correct
Top 5New York Yankees
99.9%
Top 5Boston Red Sox
98.3%
Top 5New York Mets
92.2%
Bottom 5Florida Marlins
89%
Top 5Chicago Cubs
85%
Bottom 5Oakland Athletics
84.1%
Bottom 5Pittsburgh Pirates
81.1%
Bottom 5Washington Nationals
74.8%
Top 5Detroit Tigers
72.1%
Bottom 5San Diego Padres
70.4%
Remove Ads.
Support Sporcle.
Get the best of Sporcle when you Go Orange. This ad-free experience offers more features, more stats, and more fun while also helping to support Sporcle. Thank you for becoming a member.

You're not logged in!

Compare scores with friends on all Sporcle quizzes.
OR
Log In

Show Comments

Extras

Top Quizzes Today


Score Distribution

Your Account Isn't Verified!

In order to create a playlist on Sporcle, you need to verify the email address you used during registration. Go to your Sporcle Settings to finish the process.

Report this User

Report this user for behavior that violates our Community Guidelines.

Details: